000
00313nam a2200121Ia 4500
008
220204s9999 xx 000 0 und d
082
_a
665.6
_b
SPE
100
_a
Speight, James G
245
0
_a
Chemistry and technology of petroleum
260
_a
New York
_b
Marcel Dekker
_c
1980
650
_a
Petroleum
942
_c
BK
999
_c
36086
_d
36086